000 00306 a2200133 4500
005 20250709081909.0
020 _a978-1-784-16164-4
082 _a006.7 WAT
100 _aWATSON SJ
245 _aSecond Life
260 _aLondon
_bPenguin Random House
_c2016
300 _a460p.;ill
_c20 cm.
942 _2ddc
_cBKS
999 _c6635
_d6635